000 00473nam a2200169 i 4500
001 86183
003 ES-MaACL
005 20230906175407.0
007 t|
008 041209s1973 sp ||||1| spa d
100 1 _aKalyanamalla.
_967467
245 1 0 _aAnanga Ranga /
_cKalyanamalla ; [traductor: Alfonso Espinet].
260 _a[Barcelona] :
_bA.T.E,
_c[1973]
300 _a173 p. ;
_c20 cm.
700 1 _aEspinet, Alfonso.
_947853
852 _aES-MaACL
_jC-55277
_bR.87932
999 _c86183
_d86183